Statistics for USA World Cup Squad 1994

Click here to take the quiz!

General Stats

  • This quiz has been taken 17 times
    (14 since last reset)
  • The average score is 7 of 22

Answer Stats

NumberPos.ClubPlayer% Correct
22.DFRutgers Scarlet KnightsAlexi Lalas
93%
13.MFUCLA BruinsCobi Jones
71%
1.(C)GKVirginia CavaliersTony Meola
71%
19.MFVirginia CavaliersClaudio Reyna
57%
11.FWFC Saarbruken (GER)Eric Wynalda
50%
18.GKUCLA BruinsBrad Friedel
43%
5.DFUSSFThomas Dooley
36%
8.FWWillen II (NED)Earnie Stewart
29%
15.FWUCLA BruinsJoe Max-Moore
29%
17.DFSan Diego State AztecsMarcelo Balboa
29%
20.DFUCLA BruinsPaul Caligiuri
29%
9.MFReal Betis (SPA)Tab Ramos
29%
6.MFDerby County (UK)John Harkes
21%
10.FWCoventry City (UK)Roy Wegerle
21%
21.DFUSSFFernando Clavijo
14%
12.GKLuton Town (UK)Juergen Sommer
14%
3.DFHartwick CollegeMike Burns
7%
16.MFSaint Louis UniversityMike Sorber
7%
4.DFCruz Azul (MEX)Cle Kooiman
0%
14.FWUSSFFrank Klopas
0%
7.MFLos Angeles SalsaHugo Perez
0%
2.DFUCLA BruinsMike Lapper
0%

Score Distribution

Percentile by Number Answered

Percent of People with Each Score

Your Score History

You have not taken this quiz since the last reset